Les pays contenant entre 0 % et 10 % de musulmans - Statistiques

Statistiques générales
  • Ce quiz a été pris 629 fois
    607 depuis la dernière actualisation
  • Le résultat moyen est 56 sur 100
Statistiques - réponses
Hint Réponse % Correct
7,5 % France
91%
2,3 % Espagne
86%
2,0 % Chine
83%
3,0 % Brésil
82%
2,6 % Italie
81%
4,9 % Suède
81%
2,5 % Canada
80%
0,1 % Mexique
80%
5,0 % Allemagne
79%
0,6 % Portugal
79%
2,5 % Argentine
78%
0,1 % Japon
78%
3,0 % Norvège
77%
1,9 % Australie
75%
0,8 % Finlande
75%
6,0 % Belgique
73%
0,2 % Chili
71%
0,9 % Irlande
71%
5,7 % Suisse
71%
2,0 % Afrique du Sud
70%
4,1 % Danemark
70%
<0,1 % Pologne
70%
0,2 % Corée du Sud
68%
0,1 % Islande
68%
5,5 % Pays-Bas
68%
1,6 % République du Congo
68%
<0,1 % Colombie
67%
3,0 % Ukraine
67%
0,1 % Corée du Nord
66%
0,1 % Estonie
66%
4,2 % Autriche
65%
<0,1 % Pérou
65%
4,7 % Grèce
64%
0,1 % Lituanie
64%
0,1 % Slovaquie
64%
<0,1 % Vatican
64%
2,3 % Luxembourg
63%
0,9 % Nouvelle-Zélande
63%
2,4 % Slovénie
63%
0,3 % Venezuela
63%
0,3 % Roumanie
62%
<0,1 % Uruguay
62%
0,1 % Cuba
61%
0,3 % Hongrie
61%
4,6 % Royaume-Uni
61%
5,8 % Thaïlande
61%
0,2 % Vietnam
61%
0,8 % États-Unis
60%
0,1 % Lettonie
60%
<0,1 % Paraguay
60%
3,7 % Serbie
60%
<0,1 % Bolivie
59%
1,1 % Andorre
58%
0,2 % Biélorussie
58%
1,3 % Croatie
57%
<0,1 % Laos
57%
<0,1 % Équateur
56%
0,7 % Panama
56%
0,1 % Costa Rica
54%
<0,1 % Guatemala
53%
2,1 % Cambodge
52%
0,3 % Malte
52%
0,1 % Honduras
51%
4,4 % Mongolie
51%
1,0 % Angola
50%
7,2 % Guyana
50%
0,1 % Nicaragua
50%
<0,1 % Salvador
50%
4,2 % Népal
49%
0,4 % Moldavie
48%
<0,1 % Saint-Marin
48%
0,1 % Belize
47%
<0,1 % Arménie
46%
<0,1 % Jamaïque
45%
1,1 % Madagascar
45%
0,4 % Namibie
45%
0,4 % Zambie
45%
7,0 % Kenya
44%
3,8 % Birmanie
43%
<0,1 % Lesotho
43%
0,1 % Taïwan
43%
0,9 % Zimbabwe
43%
1,8 % Rwanda
40%
9,7 % Gabon
39%
6,3 % Îles Fidji
39%
8,5 % Sri Lanka
37%
0,4 % Botswana
36%
1,1 % Seychelles
35%
1,0 % Bhoutan
34%
2,5 % Burundi
33%
<0,1 % République tchèque
33%
5,1 % Philippines
32%
<0,1 % République dominicaine
31%
<0,1 % Vanuatu
29%
<0,1 % Papouasie-Nouvelle-Guinée
28%
0,1 % Timor oriental
27%
0,3 % Grenade
26%
0,2 % Swaziland
19%
5,8 % Trinité-et-Tobago
10%
1,4 % République démocratique du Congo
5%
Aucun quiz correspondant
Distribution des résultats
% des personnes avec chaque résultat
Percentile par nombre de réponses
Votre historique - résultats
Vous n’avez pas pris ce quiz depuis la dernière actualisation